| 000 | 01180nam a22002897a 4500 | ||
|---|---|---|---|
| 999 |
_c120129 _d120129 |
||
| 003 | dpl | ||
| 005 | 20190301150205.0 | ||
| 008 | 181210b ||||| |||| 00| 0 eng d | ||
| 010 | _aB-152950 | ||
| 020 |
_c200.00 _a8173155119 |
||
| 035 | _aB-152950, B-152966 | ||
| 035 | _aB-152964 | ||
| 037 | _bCen Lib/Ret | ||
| 040 |
_aDPL _bHN _cdpl |
||
| 082 |
_a796.358092 _bजयशं |
||
| 100 |
_aजयशंकर, वेदम _988670 |
||
| 245 |
_aभारत का भरोसा द्रविड़ / _cवेदम जयशंकर |
||
| 246 |
_aBharat ka bharosa dravid / _bby Vedam Jayshankar |
||
| 260 |
_bप्रभात प्रकाशन _aनयी दिल्ली _c2004 |
||
| 270 |
_a4/19, असफ अली रोड, दरियागंज _bनयी दिल्ली _e110002 |
||
| 300 |
_a192पृ. _c20सेमी (सजिल्द) |
||
| 650 |
_aक्रिकेट--भारत _9147 |
||
| 650 |
_aक्रिकेट--भारत--जीवनी _988671 |
||
| 650 |
_aCricket - India _988672 |
||
| 650 |
_aCricket - India - Biography _929239 |
||
| 942 |
_2ddc _cHN _h796.358092 _mजयशं |
||